000 00606nam a2200241Ia 4500
003 OSt
005 20220924143742.0
006 a|||||r|||| 00| 0
007 ta
008 220923b |||||||| |||| 00| 0 urd d
020 _c10
024 _a309994
037 _cTextual
040 _aARTS
_cARTS
_burd
041 _2urd
_aurd
082 _aO168:gx, L5
100 _aShakeel Abdul Ghaffar
_9216726
245 0 _aLisani wa tehqeeqi mutale
260 _c1975
650 _aURDU LITERATURE
942 _hO168:gx, L5
_cTEXL
_2CC
999 _c455604
_d455604